| 000 | 00503nam a22001817a 4500 | ||
|---|---|---|---|
| 003 | CEME | ||
| 005 | 20210628205907.0 | ||
| 008 | 210208b xxu||||| |||| 00| 0 eng d | ||
| 020 | _a0-8273-3462-1 | ||
| 040 | _c. | ||
| 082 | _a670 KOM | ||
| 100 |
_aHorton, Andrew.C Lawson, Ann.E Komacek, Stanley.A _977413 |
||
| 245 | _aManufacturing technology | ||
| 260 |
_aNEWYORK _bMCGRAW HILL _c1990 |
||
| 300 | _a436P | ||
| 650 |
_aDESIGN ENGINEERING PROCESS MANUFACTURING PROCESSS _977414 |
||
| 942 |
_cBK _2ddc |
||
| 999 |
_c582683 _d582683 |
||